[Event "AUTO-INT-3839"]
[Site "http://www.queenalice.com/game.php?id=1820514"]
[Date "2023.9.7"]
[Round "1"]
[White "AdilsonGomes"]
[Black "CarpieloNew"]
[Result "1-0"]
[WhiteElo "1733"]
[BlackElo "1464"]

1. d4 d5 2. Bf4 Bf5 3. e3 e6 4. Nf3 Bd6 5. Nbd2 Nf6 6. Ne5 Bxe5 7. Bxe5 Nc6 8.
Bb5 O-O 9. c3 a6 10. Ba4 b5 11. Bc2 b4 12. Bxf5 exf5 13. Qa4 Nxe5 14. dxe5 bxc3
15. bxc3 Nd7 16. Nf3 Re8 17. O-O Nxe5 18. Nxe5 Rxe5 19. Qf4 f6 20. Rad1 c6 21.
c4 Re4 22. Qxf5 Rxc4 23. Rd2 g6 24. Qf3 f5 25. Rb1 Qf6 26. h3 h5 27. Qg3 Re4 28.
Rb6 a5 29. Rdb2 Rb4 30. R2xb4 axb4 31. Qc7 Qf7 32. Qxc6 Rd8 33. Rxb4 d4 34. Rb7
Qe8 35. Qc4+ Kh8 36. exd4 Qe4 37. Qf7 1-0

[Event "AUTO-INT-3842"]
[Site "http://www.queenalice.com/game.php?id=1821392"]
[Date "2023.9.21"]
[Round "1"]
[White "CarpieloNew"]
[Black "WHUSIRO"]
[Result "1-0"]
[WhiteElo "1496"]
[BlackElo "1800"]

1. e4 c5 2. c4 d6 3. d4 cxd4 4. Qxd4 Nc6 5. Qd1 e5 6. Bd3 h6 7. Nf3 Nf6 8. h3
Be7 9. O-O O-O 10. a3 Re8 11. Nc3 Be6 12. b4 a6 13. b5 Nb8 14. bxa6 Nxa6 15. a4
Nc5 16. Nb5 Bd7 17. Nc3 Nh7 18. Nd5 Bf8 19. a5 Nf6 20. Nxf6+ Qxf6 21. Be3 Nxd3
22. Qxd3 Bc6 23. Bb6 Be7 24. Qc3 Bxe4 25. c5 Bxf3 26. gxf3 Rac8 27. Rfd1 dxc5
28. Rd7 Qc6 29. Rad1 Bf6 30. Qc4 Rf8 31. R1d6 Qxf3 32. Qg4 Qxg4+ 33. hxg4 Be7
34. Rxe7 c4 35. Rxe5 c3 36. Rd1 c2 37. Rc1 Rc6 38. Bc5 Ra6 39. Bxf8 1-0

[Event "AUTO-INT-3842"]
[Site "http://www.queenalice.com/game.php?id=1821393"]
[Date "2023.9.21"]
[Round "1"]
[White "WHUSIRO"]
[Black "CarpieloNew"]
[Result "0-1"]
[WhiteElo "1788"]
[BlackElo "1467"]

1. e4 e5 2. Nf3 Nc6 3. Bb5 a6 4. Ba4 Bc5 5. c3 Nf6 6. O-O b5 7. Bc2 O-O 8. d4
exd4 9. cxd4 Bb6 10. Bg5 d6 11. e5 dxe5 12. dxe5 Nxe5 13. Nxe5 Qxd1 14. Rxd1 Re8
15. Nf3 Bg4 16. Nbd2 Re2 17. Rf1 Bxf3 18. Bxf6 gxf6 19. Nxf3 Rxc2 20. Rab1 a5
21. a3 b4 22. Ne1 Re2 23. Nf3 f5 24. h3 bxa3 25. bxa3 Ra2 26. Rb3 Bc5 27. Rfb1
Bb6 28. Ne5 Re8 29. Nd3 Ree2 30. Kf1 Bxf2 31. R3b2 Rexb2 32. Nxb2 Bd4 33. Nd3
Rxa3 34. Nf4 Ra2 35. Ne2 a4 36. Nxd4 a3 37. Kg1 Rb2 38. Ra1 a2 0-1

[Event "AUTO-INT-3842"]
[Site "http://www.queenalice.com/game.php?id=1821394"]
[Date "2023.9.21"]
[Round "1"]
[White "CarpieloNew"]
[Black "SamuraiJOM"]
[Result "0-1"]
[WhiteElo "1459"]
[BlackElo "1712"]

1. d4 d5 2. Nc3 Nf6 3. Bg5 h6 4. Bxf6 exf6 5. e4 Be6 6. Bd3 dxe4 7. Bxe4 c6 8.
Nf3 Nd7 9. O-O Bd6 10. d5 cxd5 11. Nxd5 Nc5 12. b4 Nxe4 13. Qd3 Bf5 14. Qb5+ Bd7
15. Qxb7 O-O 16. Ne3 Nc3 17. Nc4 Rb8 18. Qxa7 Ra8 19. Qd4 Ne2+ 0-1

[Event "AUTO-INT-3842"]
[Site "http://www.queenalice.com/game.php?id=1821395"]
[Date "2023.9.21"]
[Round "1"]
[White "SamuraiJOM"]
[Black "CarpieloNew"]
[Result "1-0"]
[WhiteElo "1690"]
[BlackElo "1471"]

1. e4 e5 2. Nf3 Nc6 3. Bc4 Nf6 4. Nc3 Nd4 5. a4 Bb4 6. Nxe5 Bxc3 7. bxc3 d5 8.
exd5 Nxd5 9. cxd4 c6 10. Ba3 Ne7 11. c3 Be6 12. Bxe6 fxe6 13. Qh5+ g6 14. Bxe7
1-0

[Event "AUTO-INT-3842"]
[Site "http://www.queenalice.com/game.php?id=1821396"]
[Date "2023.9.21"]
[Round "1"]
[White "CarpieloNew"]
[Black "ajr"]
[Result "0-1"]
[WhiteElo "1515"]
[BlackElo "1616"]

1. d4 d5 2. e3 a6 3. Nc3 Nf6 4. Bd3 e6 5. Nf3 Bb4 6. O-O Bxc3 7. bxc3 h6 8. Ne5
Ne4 9. Bxe4 dxe4 10. Qg4 Rh7 11. Qxe4 g6 12. Qf3 Qe7 13. Nc6 Nxc6 14. e4 g5 15.
d5 exd5 16. exd5 Ne5 17. Qe4 f5 18. Qd4 b6 19. Bd2 f4 20. Qxe5 Qxe5 21. Rfe1
Qxe1+ 22. Rxe1+ Kd7 23. c4 Kd6 24. Bb4+ Kd7 25. g3 Bb7 26. gxf4 gxf4 27. f3 a5
28. Bd2 Re8 29. Rf1 Ba6 30. Bxf4 Bxc4 31. Rd1 Be2 32. Rd2 Bxf3 33. d6 Rg7+ 34.
Kf2 Bc6 35. Kf1 Rf7 36. Rd4 cxd6 37. Kf2 Be4 0-1

[Event "AUTO-INT-3842"]
[Site "http://www.queenalice.com/game.php?id=1821397"]
[Date "2023.9.21"]
[Round "1"]
[White "ajr"]
[Black "CarpieloNew"]
[Result "1-0"]
[WhiteElo "1628"]
[BlackElo "1503"]

1. d4 d5 2. h3 Nf6 3. Nc3 Ne4 4. Nxe4 dxe4 5. Bf4 Nc6 6. a3 Nxd4 7. e3 e5 8.
Bxe5 Nc6 9. Qxd8+ Nxd8 10. Bxc7 Bc5 11. Bb5+ Nc6 12. Rd1 O-O 13. Bxc6 bxc6 14.
Bf4 a5 15. Bd6 Bxd6 16. Rxd6 Ra6 17. Ne2 c5 18. Rxa6 Bxa6 19. Nc3 g6 20. Nxe4 c4
21. c3 f5 22. Nc5 Bb5 23. Ke2 Rc8 24. Nb7 Ra8 25. Rd1 Bc6 26. Nd6 Bxg2 27. h4
Bh3 28. Nxc4 a4 29. Kf3 Bg4+ 30. Kg3 h6 31. Ne5 Bxd1 32. Nxg6 Rb8 33. Ne7+ Kf7
34. Nxf5 Rxb2 35. f3 Kg6 36. e4 Rb3 37. Ne3 Be2 38. Nd5 Rxa3 39. Nf4+ Kf6 40.
Nd5+ Ke5 41. Ne3 Rxc3 42. Kf2 1-0

[Event "AUTO-INT-3846"]
[Site "http://www.queenalice.com/game.php?id=1822830"]
[Date "2023.10.13"]
[Round "1"]
[White "CarpieloNew"]
[Black "TammieM3ENF"]
[Result "1-0"]
[WhiteElo "1560"]
[BlackElo "1085"]

1. e4 e5 2. Nf3 Nf6 3. Nxe5 Nxe4 4. d4 f6 5. Qh5+ g6 6. Nxg6 hxg6 7. Qxh8 Na6 8.
Bh6 Ke7 9. Bxf8+ Qxf8 10. Qxf8+ Kxf8 11. Bd3 f5 12. Bxe4 fxe4 13. O-O d6 14. Nc3
c5 15. Nxe4 cxd4 16. Nxd6 Bd7 17. Nxb7 Rb8 18. Nd6 Ke7 19. Ne4 Bc6 20. Rfe1 Bxe4
21. Rxe4+ Kd7 22. Rxd4+ Kc8 23. Rad1 Rxb2 24. Rd7 Rxc2 25. Rxa7 Nb4 26. Rdd7
Rxa2 27. Rxa2 Nxa2 28. Rg7 Kd8 29. Rxg6 Kd7 30. h4 Ke7 31. f4 Kf7 32. f5 Kf8 33.
h5 Kf7 34. h6 Kf8 35. h7 Ke8 36. h8=Q+ Kf7 37. Qh7+ Ke8 38. Rg8# 1-0

[Event "AUTO-INT-3846"]
[Site "http://www.queenalice.com/game.php?id=1822831"]
[Date "2023.10.13"]
[Round "1"]
[White "TammieM3ENF"]
[Black "CarpieloNew"]
[Result "0-1"]
[WhiteElo "1103"]
[BlackElo "1550"]

1. d4 d5 2. Nc3 Nf6 3. Nf3 e6 4. e4 dxe4 5. Ne5 Bb4 6. f3 Bxc3+ 7. bxc3 b6 8.
fxe4 Nxe4 9. c4 c5 10. dxc5 Qxd1+ 11. Kxd1 Nf2+ 12. Ke2 Nxh1 13. g3 O-O 14. Kf3
Na6 15. c6 Nb4 16. c3 Nc2 17. Rb1 Ba6 18. Kg2 Nxg3 19. Kxg3 f6 20. Nd7 Rfd8 21.
Nxf6+ gxf6 22. Bh3 Rd3+ 23. Kg2 Rxc3 24. c7 Rxc4 25. Bxe6+ Kg7 26. Rb2 Rxc7 27.
h3 Re8 28. Bb3 Ne1+ 29. Kg3 Rxc1 30. a4 Re3+ 31. Kf2 Rxh3 32. Re2 Rh2+ 33. Ke3
Rxe2+ 34. Kd4 Rh2 35. Kd5 Rh4 36. Kd6 Rd4+ 37. Ke7 Re4+ 38. Kd7 Rd4+ 39. Ke7
Rc7+ 40. Ke6 Rc6+ 41. Kf5 Bd3# 0-1

[Event "AUTO-INT-3846"]
[Site "http://www.queenalice.com/game.php?id=1822832"]
[Date "2023.10.13"]
[Round "1"]
[White "CarpieloNew"]
[Black "NickThorp"]
[Result "0-1"]
[WhiteElo "1427"]
[BlackElo "1567"]

1. d4 d5 2. Nc3 Nf6 3. e3 Bf5 4. Bd3 Bxd3 5. Qxd3 e6 6. Nf3 Nc6 7. O-O Bb4 8. a3
Ba5 9. e4 Bxc3 10. Qxc3 O-O 11. Bg5 h6 12. e5 Ne4 13. Bxd8 Nxc3 14. bxc3 Rfxd8
15. Rab1 a6 16. Rxb7 Ra7 17. Rxa7 Nxa7 18. g4 Nb5 19. a4 Nxc3 20. a5 Rb8 21. g5
hxg5 22. Nxg5 Ne2+ 23. Kg2 Nxd4 24. c3 Nf5 25. Rd1 Rb5 26. Ra1 c5 27. Kf3 f6 28.
Nxe6 fxe5 29. Kg4 g6 30. Nc7 Rb3 31. Nxa6 c4 0-1

[Event "AUTO-INT-3846"]
[Site "http://www.queenalice.com/game.php?id=1822833"]
[Date "2023.10.13"]
[Round "1"]
[White "NickThorp"]
[Black "CarpieloNew"]
[Result "1-0"]
[WhiteElo "1556"]
[BlackElo "1438"]

1. e4 e5 2. Nf3 d6 3. Nc3 Nf6 4. Bc4 h6 5. d3 c6 6. Bb3 d5 7. exd5 cxd5 8. h3 d4
9. Ne4 Nxe4 10. dxe4 Bb4+ 11. Bd2 Bxd2+ 12. Qxd2 O-O 13. Nxe5 Be6 14. Bxe6 fxe6
15. O-O-O Nc6 16. Nxc6 bxc6 17. Qxd4 Qxd4 18. Rxd4 Rxf2 19. g4 e5 20. Rdd1 Kh7
21. b3 Kg6 22. Rd6+ Kg5 23. Rxc6 Kf4 24. Rg6 Rc8 25. c4 Rc7 26. Kb1 Kxe4 27.
Re1+ Kf4 28. Re6 Rc5 29. Re7 Kg3 30. Rxg7 Rh2 31. Rxa7 Kxh3 32. Rg7 Rg2 33. Rh7
1-0

[Event "AUTO-INT-3846"]
[Site "http://www.queenalice.com/game.php?id=1822834"]
[Date "2023.10.13"]
[Round "1"]
[White "CarpieloNew"]
[Black "Piondanslevent"]
[Result "0-1"]
[WhiteElo "1446"]
[BlackElo "1645"]

1. d4 d5 2. e3 g6 3. Nc3 e6 4. a3 Bg7 5. e4 Ne7 6. e5 O-O 7. Bg5 c6 8. Bd3 b5 9.
Bxe7 Qxe7 10. Nh3 a5 11. O-O Bb7 12. Ne2 Nd7 13. Nef4 a4 14. b3 Ba6 15. bxa4
bxa4 16. Bxa6 Rxa6 17. c3 c5 18. Qe2 cxd4 19. cxd4 Rb6 20. g3 Rfb8 21. Rfc1 Rb2
22. Rc2 Rb1+ 23. Rxb1 Rxb1+ 24. Kg2 Qxa3 25. Rc7 Nf8 26. Ng5 f6 27. exf6 Bxf6
0-1

[Event "AUTO-INT-3846"]
[Site "http://www.queenalice.com/game.php?id=1822835"]
[Date "2023.10.13"]
[Round "1"]
[White "Piondanslevent"]
[Black "CarpieloNew"]
[Result "1-0"]
[WhiteElo "1636"]
[BlackElo "1455"]

1. c4 e5 2. e4 Bc5 3. Nf3 Bd4 4. Nxd4 exd4 5. d3 Nf6 6. b4 c6 7. Be2 O-O 8. Bb2
Qe7 9. a3 c5 10. b5 b6 11. Nd2 a6 12. O-O d6 13. Bf3 Bb7 14. bxa6 Nxa6 15. Qa4
Rab8 16. Qb3 Bc6 17. a4 Nb4 18. Nb1 h5 19. Qd1 Ra8 20. Re1 Na6 21. Qe2 Nb4 22.
Qd1 Qa7 23. g3 Bxa4 24. Qd2 Nc2 25. Qxc2 Bxc2 26. Rxa7 Rxa7 27. e5 dxe5 28. Bd1
Bxd3 29. Na3 1-0

[Event "AUTO-INT-3849"]
[Site "http://www.queenalice.com/game.php?id=1823790"]
[Date "2023.10.24"]
[Round "1"]
[White "Paulojunior76"]
[Black "CarpieloNew"]
[Result "1-0"]
[WhiteElo "1614"]
[BlackElo "1405"]

1. e4 e5 2. Nf3 Bd6 3. Bc4 h6 4. d4 Nf6 5. dxe5 Bxe5 6. Nxe5 d5 7. exd5 c6 8.
dxc6 Qxd1+ 9. Kxd1 Nxc6 10. Nxf7 Rf8 11. Re1+ Ne7 12. Nd6+ 1-0

[Event "AUTO-INT-3849"]
[Site "http://www.queenalice.com/game.php?id=1823791"]
[Date "2023.10.24"]
[Round "1"]
[White "CarpieloNew"]
[Black "Paulojunior76"]
[Result "0-1"]
[WhiteElo "1397"]
[BlackElo "1622"]

1. e4 e5 2. Bc4 Nf6 3. d4 d6 4. Qf3 Be7 5. dxe5 dxe5 6. Bg5 O-O 7. Qg3 Nxe4 8.
Bxe7 Qxe7 9. Qe3 Nf6 10. Nf3 Nc6 11. O-O e4 12. Nd4 Nxd4 0-1

[Event "AUTO-INT-3849"]
[Site "http://www.queenalice.com/game.php?id=1823806"]
[Date "2023.10.24"]
[Round "1"]
[White "CarpieloNew"]
[Black "SGF"]
[Result "1-0"]
[WhiteElo "1541"]
[BlackElo "1619"]

1. e4 e5 2. Bc4 c6 3. Nf3 f6 4. Bxg8 Rxg8 5. d4 exd4 6. Qxd4 Qa5+ 7. b4 Bxb4+ 8.
Bd2 Bxd2+ 9. Nbxd2 Kf7 10. O-O Re8 11. Nc4 Qc7 12. Nd6+ Kf8 13. Nxe8 Kxe8 14. e5
fxe5 15. Nxe5 c5 16. Qc4 Qxe5 17. Rae1 Nc6 18. Rxe5+ Nxe5 19. Qg8+ Ke7 20. Qxg7+
Kd6 21. Rd1+ Kc7 22. Qxe5+ Kc6 23. Qd6+ Kb5 24. Rb1+ Kc4 25. Qd3# 1-0

[Event "AUTO-INT-3849"]
[Site "http://www.queenalice.com/game.php?id=1823807"]
[Date "2023.10.24"]
[Round "1"]
[White "SGF"]
[Black "CarpieloNew"]
[Result "1-0"]
[WhiteElo "1670"]
[BlackElo "1552"]

1. e4 e5 2. Qf3 Nf6 3. d3 d5 4. Bg5 h6 5. Bxf6 Qxf6 6. exd5 Qxf3 7. Nxf3 Bd6 8.
Nc3 O-O 9. O-O-O Na6 10. Nb5 Bd7 11. Nxd6 cxd6 12. b3 Nc5 13. b4 Na6 14. a3 Bg4
15. h3 Bxf3 16. gxf3 Rac8 17. h4 Rc3 18. Kb2 Rfc8 19. Rc1 Nb8 20. Bh3 R8c7 21.
Bf5 g6 22. Be4 f5 23. f4 fxe4 24. fxe5 dxe5 25. dxe4 Rf3 26. Rhg1 Kg7 27. h5
Rxf2 28. Rxg6+ Kh7 29. Re6 Nd7 30. Re7+ Kg8 31. d6 1-0

[Event "AUTO-INT-3849"]
[Site "http://www.queenalice.com/game.php?id=1823808"]
[Date "2023.10.24"]
[Round "1"]
[White "CarpieloNew"]
[Black "kamikaze"]
[Result "0-1"]
[WhiteElo "1409"]
[BlackElo "1718"]

1. e4 e5 2. Nf3 Nc6 3. Bb5 d6 4. Bxc6+ bxc6 5. d3 Nf6 6. Nc3 Be7 7. O-O O-O 8.
h3 Nd7 9. d4 Bf6 10. d5 c5 11. Na4 Be7 12. b3 Nf6 13. c4 Nxe4 14. Nd2 Nf6 15.
Re1 Bd7 16. Nf3 Ne8 17. Nc3 f5 0-1

[Event "AUTO-INT-3849"]
[Site "http://www.queenalice.com/game.php?id=1823809"]
[Date "2023.10.24"]
[Round "1"]
[White "kamikaze"]
[Black "CarpieloNew"]
[Result "1-0"]
[WhiteElo "1714"]
[BlackElo "1413"]

1. d4 d5 2. c4 dxc4 3. Nc3 c6 4. Nf3 Bf5 5. e3 h6 6. Bxc4 e6 7. a3 Bd6 8. O-O
Nf6 9. Re1 O-O 10. e4 b5 11. Bd3 Bg4 12. e5 Bxf3 13. Qxf3 Na6 14. Ne4 Nxe4 15.
Bxe4 Nb8 16. exd6 Qxd6 17. Be3 Na6 18. Rac1 1-0